000 00591nam a22001937a 4500
003 LK-CoMWRAF
005 20231207123749.0
008 231125b2002 |||||||| |||| 00| 0 eng d
020 _a9559151339
040 _aLK-CoMWRAF
_dLK-CoMWRAF
_eLK-CoMWRAF
041 _aeng
082 _a348.04
_bHUS
100 _aHussain, M. S. Mohammed
245 _aHussain's complete digest of case law of Sri Lanka : 1820-2000,
_bVol-16 Partition to Polygamy
260 _aKandy :
_bArafa (Pvt.) Ltd.,
_c2002
300 _axiii, 693 p.; 26 cm
650 _aLaw reports, digests, -Sri Lanka
942 _cBK
999 _c4241
_d4241